00518nam a2200181 a 45000010010000000030011000100080041000210350026000620820014000881000018001022450030001202600037001506500012001879420012001999520090002119980020003019990015003210000-8608ELIB.Books110520 1993  a(ELIB.Books)0000-8754 a252 bMad aMadden, P. J. aThe Wigglesworth Standard bAustralia: Whitaker House c1993 aSermons 2ddccBK 00102ddc4070aKBTSbKBTSd2011-05-20l0p4448r2022-01-22 00:00:00w2022-01-22yBK cbate2011-05-20 c8608d8608